MARC details
| 000 -CABECERA |
| campo de control de longitud fija |
02591cam a2200301 a 4500 |
| 001 - NÚMERO DE CONTROL |
| campo de control |
3978191 |
| 003 - IDENTIFICADOR DEL NÚMERO DE CONTROL |
| campo de control |
CaAEU |
| 005 - FECHA Y HORA DE LA ÚLTIMA TRANSACCIÓN |
| campo de control |
20250923095134.0 |
| 008 - DATOS DE LONGITUD FIJA--INFORMACIÓN GENERAL |
| campo de control de longitud fija |
061207s2007 nyu 000 0 eng |
| 010 ## - NÚMERO DE CONTROL DE LA BIBLIOTECA DEL CONGRESO |
| Número de control de LC |
2006100976 |
| 020 ## - NÚMERO INTERNACIONAL ESTÁNDAR DEL LIBRO |
| Número Internacional Estándar del Libro |
9781584796022 |
| 035 ## - NÚMERO DE CONTROL DEL SISTEMA |
| Número de control de sistema |
ocm77048052 |
| 040 ## - FUENTE DE LA CATALOGACIÓN |
| Centro catalogador/agencia de origen |
DLC |
| Lengua de catalogación |
eng |
| Centro/agencia transcriptor |
DLC |
| Centro/agencia modificador |
DLC |
| -- |
AEEN |
| 041 ## - CÓDIGO DE LENGUA |
| Código de lengua del texto/banda sonora o título independiente |
eng |
| 050 00 - SIGNATURA TOPOGRÁFICA DE LA BIBLIOTECA DEL CONGRESO |
| Número de clasificación |
TD171.7 |
| Número de documento/Ítem |
.D67 2007 |
| 100 ## - ENTRADA PRINCIPAL--NOMBRE DE PERSONA |
| Nombre de persona |
Dorfman, Josh |
| 9 (RLIN) |
25752 |
| Término indicativo de función/relación |
author |
| 245 14 - MENCIÓN DE TÍTULO |
| Título |
The lazy environmentalist |
| Resto del título |
: your guide to easy, stylish, green living |
| Mención de responsabilidad, etc. |
/ Josh Dorfman. |
| 260 ## - PUBLICACIÓN, DISTRIBUCIÓN, ETC. |
| Lugar de publicación, distribución, etc. |
New York, NY : |
| Nombre del editor, distribuidor, etc. |
Stewart, Tabori & Chang, |
| Fecha de publicación, distribución, etc. |
2007. |
| 300 ## - DESCRIPCIÓN FÍSICA |
| Extensión |
271 pages ; |
| Dimensiones |
21 cm. |
| 504 ## - NOTA DE BIBLIOGRAFÍA, ETC. |
| Nota de bibliografía, etc. |
Includes index. |
| 505 0# - NOTA DE CONTENIDO CON FORMATO |
| Nota de contenido con formato |
Fashion first — The great outdoors — The world, it's your oyster — Vehicular inspiration — Keep it moving — Real estate — The green house — More than one way to heat a home — You are what you sit on — Slice it, dice it, serve it — Sleep right — Toilets, tubs, and toothbrushes — Scrub, dust, and wash — The greatest green thumb — Pets are people too — It's never too soon to start — Technological advancement — It's professional — It's your money, use it wisely — Read it only — Eco living 101; programs, classes, and degrees — It's never too late to start. |
| 520 ## - SUMARIO, ETC. |
| Sumario, etc. |
But that doesn't mean we don't care passionately about the environment. Luckily, the days when becoming environmentally aware entailed eating bread that tasted like dirt, wearing clothes that looked like frayed burlap sacks, and spending summer vacations assailing whaling ships with Greenpeace are passing away. It is now perfectly possible (and increasingly easy) to be well-fed, well coiffed, well-dressed, and well traveled while remaining deeply committed to an ecologically sustainable lifestyle.<br/><br/>In The Lazy Environmentalist, Josh Dorfman, host of the Sirius Satellite Radio program of the same name, provides comprehensive guidance to fashion-forward consumers who are as concerned about the long-term health of our planet as they are about the design of their bathroom fixtures. Covering topics that range from clothing to electronic gadgetry, home decor to recreation, and gardening to financial investment, Dorfman lets us know which trends to watch and which eco-conscious products, cars, toothbrushes, cell phones, pet accessories to buy. Green, it turns out, can be an extremely stylish color. |
| 650 #0 - PUNTO DE ACCESO ADICIONAL DE MATERIA--TÉRMINO DE MATERIA |
| Término de materia o nombre geográfico como elemento de entrada |
Environmental protection |
| Subdivisión general |
Citizen participation |
| 9 (RLIN) |
12144 |
| 650 #0 - PUNTO DE ACCESO ADICIONAL DE MATERIA--TÉRMINO DE MATERIA |
| Término de materia o nombre geográfico como elemento de entrada |
Environmentalism |
| 9 (RLIN) |
12143 |
| 650 #0 - PUNTO DE ACCESO ADICIONAL DE MATERIA--TÉRMINO DE MATERIA |
| Término de materia o nombre geográfico como elemento de entrada |
Organic living |
| 9 (RLIN) |
25753 |
| 650 #0 - PUNTO DE ACCESO ADICIONAL DE MATERIA--TÉRMINO DE MATERIA |
| Término de materia o nombre geográfico como elemento de entrada |
Sustainable living |
| 9 (RLIN) |
10807 |
| 942 ## - ELEMENTOS DE ENTRADA AGREGADA (KOHA) |
| Fuente del sistema de clasificación o colocación |
Clasificación de Library of Congress |